000 00269nam a22001217a 4500
008 171010b xxu||||| |||| 00| 0 eng d
041 _aeng
080 _a316
100 _a50
101 _aSOC
245 _aSOCIAL CHANGE IN SOVIET RUSSIA
_cINKELES.A
942 _2udc
_cBK
999 _c32894
_d32894